| 000 | 00618nam a2200265Ia 4500 | ||
|---|---|---|---|
| 005 | 20260306163446.0 | ||
| 008 | 008 260114s9999 xx 000 0 eng d | ||
| 020 | _a9780226569598 | ||
| 037 | _aEBOOK | ||
| 040 | _aCRL | ||
| 040 | _beng | ||
| 040 | _cCRL | ||
| 041 | _2eng | ||
| 041 | _aeng | ||
| 084 | _qCRL | ||
| 100 |
_aNeal _9881592 |
||
| 245 | 4 | _aThe Masculine Self In Late Medieval England | |
| 260 | _bUniversity of Chicago Press | ||
| 260 | _c2013 | ||
| 650 | _aHistory | ||
| 856 | _uhttps://academic.oup.com/book/17967 | ||
| 942 | _cEBOOK | ||
| 999 |
_c1710181 _d1710181 |
||